| 000 | 01243pam a2200325 a 4500 | ||
|---|---|---|---|
| 999 |
_c10660 _d10660 |
||
| 001 | 1183011 | ||
| 003 | OSt | ||
| 005 | 20210301160642.0 | ||
| 008 | 971020s1998 tnuab b 000 0 eng | ||
| 010 | _a 97044785 | ||
| 020 | _a0805401563 (pbk.) | ||
| 040 |
_aDLC _cDLC _dDLC |
||
| 043 |
_aa-is--- _aawba--- |
||
| 050 | 0 | 0 |
_aDS103 _bD996C |
| 082 | 0 | 0 |
_a915.69404/54/024204 _221 _bD996C |
| 100 | 1 |
_aDyer, Charles H., _d1952- |
|
| 245 | 1 | 4 |
_aThe Christian traveler's guide to the Holy Land / _cCharles H. Dyer, Gregory A. Hatteberg. |
| 260 |
_aNashville, Tenn. : _bBroadman & Holman Publishers, _cc1998. |
||
| 300 |
_aix, 238 p. : _bill. (some col.), maps (some col.) ; _c22 cm. |
||
| 504 | _aIncludes bibliographical references (p. 237-238). | ||
| 630 | 0 | 0 |
_aBible _xGeography. |
| 650 | 0 |
_aChristian pilgrims and pilgrimages _zPalestine _xGuidebooks. |
|
| 651 | 0 |
_aIsrael _xGuidebooks. |
|
| 651 | 0 |
_aWest Bank _xGuidebooks. |
|
| 700 | 1 |
_aHatteberg, Greg, _d1957- |
|
| 906 |
_a7 _bcbc _corignew _d1 _eocip _f19 _gy-gencatlg |
||
| 942 |
_2ddc _cBK |
||